000 00505cam a2200193ua 4500
001 1350
005 20260515113324.0
008 110706n ii |||gr||||Z||||||asm
040 _cMAIN
082 _a301.095416
100 1 _aDoley, Durgeswar,
_eAuthor.
245 1 _aUttar-Pub Bharatar Samajtattvik Adhyayan
_cBy Duegeswar Doley
250 _a1st.
260 _aDibrugarh:
_bKaustubh Prakashan,
_c2003.
300 _a138p:
_c23cm.
653 _aSociology
653 _aSocial of North east
942 _cBK
999 _c1248
_d1248